[Event "Figueres Mas op-B 23rd"]
[Site "Figueres"]
[Date "2022.08.14"]
[Round "4"]
[White "Alcaraz Martinez, Leandro"]
[Black "Rodriguez Rejano, Jose Jesus"]
[Result "1-0"]
[WhiteElo "1454"]
[BlackElo "1336"]
[PlyCount "65"]
[EventDate "2022.08.11"]
[EventType "swiss"]
[EventRounds "9"]
[EventCountry "ESP"]
[SourceTitle "EXT 2023"]
[Source "ChessBase"]
[SourceDate "2022.10.05"]
[SourceVersion "1"]
[SourceVersionDate "2022.10.05"]
[SourceQuality "1"]

1. e4 e5 2. Nf3 Nc6 3. Bc4 Bc5 4. 0-0 Nf6 5. d3 0-0 6. c3 d6 7. b4 Bb6 8. a4 a6 9. Bb3 h6 10. h3 Bd7 11. Re1 Re8 12. Nbd2 Be6 13. Bc2 d5 14. Ba3 Bc8 15. Qe2 d4 16. c4 Nb8 17. Nf1 Nbd7 18. a5 Ba7 19. c5 b6 20. Ba4 b5 21. Bb3 Bb7 22. Rac1 Bc6 23. Ng3 Nf8 24. Nh4 Nxe4 25. Qf3 Bd5 26. Bxd5 Ng5 27. Bxf7+ Nxf7 28. Qg4 Nd7 29. Nhf5 Qg5 30. Nxh6+ Qxh6 31. Qxd7 Rac8 32. Re4 Qxc1+ 33. Bxc1 1-0

[Event "Figueres Nadal op 6th"]
[Site "Figueres"]
[Date "2016.12.30"]
[Round "8"]
[White "Blanco Esquena, Ramon"]
[Black "Alcaraz Martinez, Leandro"]
[Result "0-1"]
[WhiteElo "1730"]
[BlackElo "1401"]
[PlyCount "46"]
[EventDate "2016.12.27"]
[EventType "swiss"]
[EventRounds "8"]
[EventCountry "ESP"]
[SourceTitle "CBM 176 Extra"]
[Source "ChessBase"]
[SourceDate "2017.03.02"]
[SourceVersion "1"]
[SourceVersionDate "2017.03.02"]
[SourceQuality "1"]

1. e4 c5 2. d4 cxd4 3. c3 dxc3 4. Nxc3 Nc6 5. Bc4 Nf6 6. Nf3 e6 7. 0-0 Be7 8. Bb3 0-0 9. e5 Ne8 10. Qe2 a6 11. Re1 b5 12. Be3 Bb7 13. Rec1 Na5 14. Bc2 Nc4 15. Qd3 g6 16. Bh6 Ng7 17. Rab1 Bxf3 18. Qxf3 Nxe5 19. Qf4 d6 20. Ne4 Nh5 21. Qe3 Ng4 22. Qd2 Nxh6 23. Qxh6 d5 0-1

[Event "Figueres 3rd op"]
[Site "Figueres"]
[Date "2013.12.21"]
[Round "6"]
[White "Capallera Guirado, Ferran"]
[Black "Alcaraz Martinez, Leandro"]
[Result "1-0"]
[WhiteElo "1610"]
[BlackElo "1412"]
[PlyCount "52"]
[EventDate "2013.12.19"]
[EventType "swiss"]
[EventRounds "8"]
[EventCountry "ESP"]
[SourceTitle "EXT 2024"]
[Source "ChessBase"]
[SourceDate "2023.10.10"]
[SourceVersion "1"]
[SourceVersionDate "2023.10.10"]
[SourceQuality "1"]

1. e4 c5 2. Nf3 d6 3. d4 cxd4 4. Nxd4 Nf6 5. Nc3 a6 6. Bc4 e6 7. Bg5 Be7 8. Qd3 Nc6 9. Nxc6 bxc6 10. 0-0-0 d5 11. Bxf6 Bxf6 12. Qg3 Bxc3 13. Qxc3 Qg5+ 14. f4 Qxf4+ 15. Kb1 0-0 16. Bd3 Bb7 17. Rhf1 Qg5 18. h4 Qe7 19. h5 h6 20. Rf3 e5 21. Rg3 d4 22. Qd2 Kh8 23. Rf1 a5 24. Rff3 Bc8 25. Rf6 Kh7 26. Rxc6 Be6 1-0